GUIDE DE L'ETUDIANT EN HISTOIRE ANCIENNE /

Guardado en:
Detalles Bibliográficos
Autor principal: Petit, Paul (autor)
Formato: Libro
Temas:
Etiquetas: Agrega una etiqueta
Sin etiquetas, Sé el primero en etiquetar este registro!

MARC

LEADER 00000nam^a2200000^a^4500
001 000244764
005 20250521000000.0
009 20260310105432.217
035 |a 066132 
037 |a Acervo Xavier Clavigero 
082 |a 930.  |b PET 
100 |a Petit, Paul  |e (autor) 
245 1 0 |a GUIDE DE L'ETUDIANT EN HISTOIRE ANCIENNE /  |c PAUL PETIT 
264 |a PARIS :  |b UNIVERSITAIRS DE FRANCE,  |c 1959 
300 |a 208 p. 
336 |a texto  |b txt  |2 rdacontenido 
337 |a sin mediación  |b n  |2 rdamedio 
338 |a volumen  |b nc  |2 rdasoporte 
649 |a XX 
650 |a Historia Antigua 
650 |a Historia -  |x Estudio y Enseñanza 
910 |a Fondo General 
920 |a Impresos - Libros 
930 |a Colección General 
905 |a 101 
901 |a 066132  |b IT1  |c ACC  |i 066132  |u 20250521 
902 |a https://opac.biblio.iteso.mx/vufind/Record/000244764